01131nas a2200277Ia 4500001002200000003001000022008004100032040002500073041001300098100003000111210002200141222002200163245011800185250001100303260000900314501012300323300001100446362002800457500009200485650004700577700001100624942000700635957000600642999003200648952017300680dp1-2198 [d000002309]IT-MiCISF161014c99999999xx |||||||||||| ||und|| aIT-MiCISFcIT-MiCISF aITALIANO aMontini Giovanni Battista aIstituto Paolo VI aIstituto Paolo VI 0aPer la famiglia cristiana. Lettera pastorale all'arcidiocesi ambrosiana all'inizio della quaresima dell'anno 1960 a1a ed. c1994 bCISF - Centro Internazionale Studi Famiglia - Via Giotto, 36 20145 MILANO (non commercial uses only)cCopyright 2016 app. 41 a n. 28, novembre [1994] a Tema: pastorale-familiare, modello-famiglia, educazione-familiare, ministero-coniugale aPASTORALE - pastorale familiarevdocumento aAA.VV. cCR 71 a2198bSig1c219802d219802 0010406DP_12198_D00000230971aCISFbCISFd2016-10-14l0odp1-2198 [d000002309]r2016-10-14 00:00:00w2016-10-14yCRzData import 15.10.2016 / by Epidotti, Vaglietti